| 000 | 00684cab a2200217 4500 | ||
|---|---|---|---|
| 001 | X2732 | ||
| 008 | 090401t1995 xxu||||| |||| 00| 0 eng d | ||
| 035 | _a(Sirsi) u25982 | ||
| 041 | _aeng | ||
| 245 | _aConsultation on rule changes | ||
| 260 | _c1995 | ||
| 350 | _a0 | ||
| 490 |
_aCSM (Chartered Surveyor Monthly) _v5(1) September 1995, 4(1) |
||
| 520 | _aSummarises a report of the RICS Standards and Practice Committee on revisions to the rules of conduct. | ||
| 650 | _aPROFESSIONAL CONDUCT | ||
| 650 | _aRICS RULES OF CONDUCT | ||
| 650 | _aSTANDARDS AND PRACTICE | ||
| 690 | _aMANAGEMENT-BUSINESS MANAGEMENT-PROFESSIONAL PRACTICE | ||
| 942 | _n0 | ||
| 948 | _c04/03/1997 | ||
| 999 |
_c17447 _d17447 |
||